[Event "21st Open"]
[Site "Oberwart"]
[Date "1999.07.16"]
[Round "7.17"]
[White "PROCHASKA, Juergen"]
[Black "BAUMEGGER, Siegfried"]
[Result "0-1"]
[WhiteElo "2225"]
[BlackElo "2409"]
[PlyCount "46"]
[EventDate "1999.07.16"]

1. e4 e5 2. Nf3 Nc6 3. d4 exd4 4. Nxd4 Nf6 5. Nc3 Bb4 6. Nxc6 bxc6 7. Bd3 d5 8.
exd5 cxd5 9. O-O O-O 10. Bg5 c6 11. Qf3 Bd6 12. Rfe1 Rb8 13. Ne2 Be5 14. Ng3
Qc7 15. Nf5 Rxb2 16. Nxg7 Kxg7 17. Bxf6+ Bxf6 18. Qh5 h6 19. Re3 Rh8 20. Rg3+
Kf8 21. Re1 Rb4 22. c4 Qf4 23. cxd5 Bg4 0-1

[Event "21st Open"]
[Site "Oberwart"]
[Date "1999.07.16"]
[Round "7.18"]
[White "STANKA, Wolfgang"]
[Black "GAERTNER, Guntram"]
[Result "1/2-1/2"]
[WhiteElo "2118"]
[BlackElo "2336"]
[PlyCount "154"]
[EventDate "1999.07.16"]

1. e4 c6 2. d4 d5 3. exd5 cxd5 4. c4 Nf6 5. Nc3 e6 6. Nf3 Bb4 7. cxd5 exd5 8.
a3 Be7 9. h3 Ne4 10. Bd3 Nxc3 11. bxc3 Nd7 12. O-O O-O 13. Re1 Nf6 14. Bb1 Re8
15. Ne5 Be6 16. f4 Qc8 17. Qf3 Ne4 18. Rxe4 dxe4 19. Bxe4 Rb8 20. f5 Bc4 21.
Nxc4 Qxc4 22. Bd5 Qc7 23. f6 Bd6 24. Bd2 g6 25. h4 Bh2+ 26. Kf2 Rbd8 27. c4
Rxd5 28. cxd5 Qc2 29. Rd1 Bd6 30. Kg1 h5 31. Bb4 Qc7 32. Bxd6 Qxd6 33. Rf1 Kh7
34. Qb3 b6 35. Qa4 Re2 36. Qc4 Re4 37. Qc6 Qg3 38. Qd7 Qe3+ 39. Rf2 Qe1+ 40.
Rf1 Qe3+ 41. Rf2 Kg8 42. Qc8+ Re8 43. Qc7 Qxd4 44. Qe7 Rc8 45. Qe1 Qxd5 46. Qe3
Qc5 47. Qxc5 bxc5 48. Kf1 c4 49. Ke2 c3 50. Kd3 Kh7 51. Kc2 Rc6 52. Rf3 Kh6 53.
g3 g5 54. Rf5 gxh4 55. gxh4 Rc4 56. Ra5 Rc7 57. Re5 Rc6 58. Re7 Kg6 59. Rxa7
Kxf6 60. a4 Ke6 61. a5 f5 62. Rh7 Ke5 63. Rxh5 Ra6 64. Kxc3 Rxa5 65. Rh8 Ke4
66. h5 Ra3+ 67. Kc4 Ra7 68. h6 Rc7+ 69. Kb4 f4 70. h7 Kf3 71. Kb5 Rf7 72. Kc5
Kf2 73. Kd5 f3 74. Ke6 Ra7 75. Kf6 Ra6+ 76. Kg7 Ra7+ 77. Kg6 Ra6+ 1/2-1/2

[Event "21st Open"]
[Site "Oberwart"]
[Date "1999.07.16"]
[Round "7.19"]
[White "LAKOS, Nikoletta"]
[Black "SULYOK, Michael"]
[Result "1/2-1/2"]
[WhiteElo "2335"]
[BlackElo "2253"]
[PlyCount "82"]
[EventDate "1999.07.16"]

1. e4 g6 2. d4 Bg7 3. Nc3 d6 4. Be3 a6 5. Qd2 b5 6. f3 Nd7 7. h4 h5 8. Nh3 Bb7
9. Ng5 c6 10. O-O-O Qc7 11. g4 Ngf6 12. gxh5 Nxh5 13. Bh3 Nb6 14. b3 b4 15. Ne2
a5 16. Nf4 Nxf4 17. Bxf4 Bc8 18. Bxc8 Qxc8 19. e5 dxe5 20. dxe5 Nd5 21. Rde1
Qf5 22. Bg3 a4 23. Qd3 Qxd3 24. cxd3 Nc3 25. Kb2 axb3 26. Kxb3 c5 27. Ne4 Nxe4
28. Rxe4 Ra3+ 29. Kc4 Rc3+ 30. Kb5 Kd7 31. e6+ fxe6 32. Rc4 Rc8 33. Rxc3 Bxc3
34. Bf2 Ra8 35. Bxc5 Rxa2 36. Rb1 Rd2 37. Kc4 Rh2 38. Bxb4 Bxb4 39. Kxb4 Rxh4+
40. Kc3 Rf4 41. Rg1 Rxf3 {.} 1/2-1/2

[Event "21st Open"]
[Site "Oberwart"]
[Date "1999.07.16"]
[Round "7.20"]
[White "SEEL, Christian"]
[Black "KOVACS, Gabor"]
[Result "1-0"]
[WhiteElo "2116"]
[BlackElo "2331"]
[PlyCount "91"]
[EventDate "1999.07.16"]

1. Nf3 Nf6 2. c4 c5 3. Nc3 e6 4. g3 b6 5. Bg2 Bb7 6. O-O Be7 7. Re1 Ne4 8. Nxe4
Bxe4 9. d3 Bb7 10. e4 d6 11. d4 cxd4 12. Nxd4 O-O 13. Be3 Nd7 14. f4 a6 15. f5
e5 16. Ne2 Rc8 17. Rc1 b5 18. cxb5 Rxc1 19. Qxc1 axb5 20. Nc3 Qa5 21. a3 Nf6
22. h3 Rc8 23. Qd2 Kf8 24. g4 h6 25. Bxh6 gxh6 26. Qxh6+ Ke8 27. g5 Qb6+ 28.
Kh2 Rxc3 29. bxc3 Nxe4 30. g6 fxg6 31. Qxg6+ Kd8 32. Qg8+ Kc7 33. Qf7 Kd8 34.
Rxe4 Qf2 35. f6 Qxf6 36. Qxf6 Bxf6 37. Rb4 e4 38. Bxe4 Bxe4 39. Rxe4 Bxc3 40.
Kg2 d5 41. Rg4 d4 42. Rg5 Kc7 43. Rxb5 Kc6 44. Rb1 Kd5 45. Kf3 Kc4 46. Ke2 1-0

[Event "21st Open"]
[Site "Oberwart"]
[Date "1999.07.16"]
[Round "7.21"]
[White "ZSINKA, Laszlo"]
[Black "NIELSEN, Max"]
[Result "1-0"]
[WhiteElo "2329"]
[BlackElo "2256"]
[PlyCount "67"]
[EventDate "1999.07.16"]

1. d4 Nf6 2. c4 c5 3. d5 b5 4. a4 b4 5. g3 d6 6. Bg2 g6 7. b3 Bg7 8. Ra2 O-O 9.
Nd2 Bb7 10. Ngf3 e5 11. dxe6 fxe6 12. O-O Nc6 13. Ng5 Qe7 14. Nde4 Ne8 15. Nxe6
Nd4 16. Nxf8 Bxe4 17. e3 Nf5 18. Bxe4 Qxe4 19. Nd7 Qe6 20. Bb2 Bxb2 21. Rxb2
Rc8 22. Qd5 Qxd5 23. cxd5 Kf7 24. e4 Nd4 25. e5 Nf3+ 26. Kg2 Nxe5 27. Nxe5+
dxe5 28. Re1 Nd6 29. Rc2 c4 30. bxc4 Rxc4 31. Rxc4 Nxc4 32. Re4 Nb6 33. Rxb4
Nxd5 34. Rb7+ 1-0

[Event "21st Open"]
[Site "Oberwart"]
[Date "1999.07.16"]
[Round "7.22"]
[White "KUMMER, Helmut"]
[Black "BECK, Hartmuth"]
[Result "1-0"]
[WhiteElo "2321"]
[BlackElo "2235"]
[PlyCount "121"]
[EventDate "1999.07.16"]

1. d4 Nf6 2. c4 c5 3. d5 a6 4. a4 e5 5. Nc3 d6 6. e4 g6 7. g3 Bg7 8. Bg2 O-O 9.
Qb3 Nh5 10. Nf3 h6 11. O-O f5 12. Nh4 Kh7 13. exf5 gxf5 14. Bh3 b6 15. Bd2 Ra7
16. a5 Rb7 17. Qd1 Nf4 18. Bxf4 exf4 19. Qc2 Qg5 20. axb6 Rxb6 21. Rae1 Rb7 22.
b3 Kg8 23. Ne2 Be5 24. Nf3 Qh5 25. Bg2 Rg7 26. Qd2 fxg3 27. fxg3 f4 28. gxf4
Qg4 29. Rf2 Bxf4 30. Nxf4 Qxf4 31. Qxf4 Rxf4 32. Ng5 Rxf2 33. Kxf2 hxg5 34.
Re8+ Kf7 35. Rxc8 Rg8 36. Rc7+ Kf6 37. Rb7 Ke5 38. Bh3 Kd4 39. Be6 Rh8 40. Kf3
a5 41. Rb6 Rd8 42. Kg4 Nd7 43. Rb7 Ne5+ 44. Kxg5 Rh8 45. h3 a4 46. bxa4 Kxc4
47. Rb6 Kd4 48. Rxd6 Rxh3 49. Bxh3 Nf7+ 50. Kf6 Nxd6 51. Ke6 Nb7 52. d6 c4 53.
d7 Kc5 54. Ke7 Kb4 55. Bg2 c3 56. Bxb7 c2 57. d8=Q c1=Q 58. Qd4+ Ka3 59. Kd7
Qc2 60. Bc6 Qd2 61. Qd6+ 1-0

[Event "21st Open"]
[Site "Oberwart"]
[Date "1999.07.16"]
[Round "7.23"]
[White "KORPICS, Zsolt"]
[Black "KUBA, Guenter"]
[Result "1/2-1/2"]
[WhiteElo "2310"]
[BlackElo "2238"]
[PlyCount "31"]
[EventDate "1999.07.16"]

1. e4 e5 2. Nf3 Nc6 3. c3 Nf6 4. d4 exd4 5. e5 Nd5 6. Qb3 Nb6 7. cxd4 d5 8. h3
Bf5 9. Bd3 Qd7 10. a3 Be7 11. Qc2 Bxd3 12. Qxd3 Nd8 13. Bg5 Bxg5 14. Nxg5 h6
15. Nf3 Ne6 16. g3 {.} 1/2-1/2

[Event "21st Open"]
[Site "Oberwart"]
[Date "1999.07.16"]
[Round "7.24"]
[White "THOMA, Robert"]
[Black "SCHEIN, Karl-Heinz"]
[Result "0-1"]
[WhiteElo "2310"]
[BlackElo "2229"]
[PlyCount "62"]
[EventDate "1999.07.16"]

1. c4 e5 2. Nc3 Nf6 3. g3 d5 4. cxd5 Nxd5 5. Bg2 Nb6 6. Nf3 Nc6 7. O-O Be7 8.
a3 O-O 9. b4 Be6 10. d3 Re8 11. Bb2 Bf8 12. Ne4 a5 13. b5 Nd4 14. Nxd4 exd4 15.
Rc1 Bd5 16. a4 c5 17. Ba3 c4 18. Bxf8 Kxf8 19. h4 h6 20. Nd2 Bxg2 21. Kxg2 Qd5+
22. Nf3 c3 23. Re1 Rac8 24. e3 dxe3 25. fxe3 Qa2+ 26. Re2 Qxa4 27. Qxa4 Nxa4
28. Kf2 Nc5 29. Ne1 Red8 30. Ra2 Rxd3 31. Ke2 Rd2+ 0-1

[Event "21st Open"]
[Site "Oberwart"]
[Date "1999.07.16"]
[Round "7.25"]
[White "TITZ, Heimo"]
[Black "ARWANITAKIS, Michael"]
[Result "1-0"]
[WhiteElo "2310"]
[BlackElo "2155"]
[PlyCount "139"]
[EventDate "1999.07.16"]

1. c4 g6 2. e4 Bg7 3. d4 d6 4. Nc3 Nf6 5. Nf3 O-O 6. Be2 e5 7. d5 a5 8. Bg5 h6
9. Bh4 Na6 10. Nd2 h5 11. O-O Bh6 12. f3 Be3+ 13. Bf2 Bc5 14. a3 Bd7 15. Bxc5
dxc5 16. Qe1 Qe7 17. Qg3 h4 18. Qxh4 Nxd5 19. Qxe7 Nxe7 20. f4 Rad8 21. fxe5
Nc6 22. Nf3 Bg4 23. Rad1 Bxf3 24. gxf3 Nxe5 25. Kf2 f6 26. Rxd8 Rxd8 27. Rd1
Rd4 28. b3 Kf7 29. Nb5 Rxd1 30. Bxd1 g5 31. Be2 Ke7 32. Ke3 c6 33. Nc3 Ng6 34.
Bf1 Kd6 35. Bh3 Nc7 36. Bf5 Nf4 37. Ne2 Nxe2 38. Kxe2 Ke5 39. Ke3 Ne8 40. a4
Ng7 41. Bc8 b6 42. Bg4 Ne8 43. Bd7 Nc7 44. f4+ Kd6 45. Bf5 Ke7 46. e5 b5 47.
exf6+ Kxf6 48. Bd7 gxf4+ 49. Kxf4 bxa4 50. bxa4 Na8 51. Bxc6 Nb6 52. Bb5 Nc8
53. Ke4 Ke6 54. h4 Nd6+ 55. Kf4 Kf6 56. h5 Nf5 57. Ke4 Ng3+ 58. Kd5 Nxh5 59.
Kxc5 Ke7 60. Kb6 Kd8 61. c5 Ng7 62. Kxa5 Kc7 63. Kb4 Nf5 64. Bd3 Ne7 65. Be4
Nc8 66. a5 Na7 67. a6 Nc8 68. Bb7 Ne7 69. Ka5 Nf5 70. Be4 1-0

[Event "21st Open"]
[Site "Oberwart"]
[Date "1999.07.16"]
[Round "7.26"]
[White "PINGITZER, Harald"]
[Black "TSCHOHL, Christof"]
[Result "1/2-1/2"]
[WhiteElo "2308"]
[BlackElo "2117"]
[PlyCount "58"]
[EventDate "1999.07.16"]

1. Nf3 Nf6 2. d4 d5 3. e3 e6 4. c4 dxc4 5. Bxc4 Nbd7 6. Nc3 c5 7. O-O a6 8. a4
cxd4 9. exd4 Nb6 10. Bd3 Be7 11. Re1 O-O 12. Ne5 Nbd5 13. Bg5 h6 14. Bh4 Bd7
15. Rc1 Rc8 16. Qb3 Bc6 17. Nxc6 Rxc6 18. Nxd5 Nxd5 19. Rxc6 bxc6 20. Bxe7 Qxe7
21. Bxa6 Nb4 22. Bf1 Qd6 23. Qc4 Rd8 24. a5 Qxd4 25. Re4 Qxc4 26. Rxc4 Rb8 27.
Rc3 Kf8 28. a6 Ra8 29. Rc4 Nxa6 1/2-1/2

[Event "21st Open"]
[Site "Oberwart"]
[Date "1999.07.16"]
[Round "7.28"]
[White "SOMOGYI, Zoltan"]
[Black "LENDWAI, Reinhard"]
[Result "0-1"]
[WhiteElo "2175"]
[BlackElo "2371"]
[PlyCount "76"]
[EventDate "1999.07.16"]

1. e4 c6 2. d4 d5 3. exd5 cxd5 4. c4 Nf6 5. Nc3 e6 6. Nf3 Bb4 7. a3 Bxc3+ 8.
bxc3 O-O 9. Qc2 b6 10. cxd5 exd5 11. Be2 Re8 12. O-O Rxe2 13. Qxe2 Ba6 14. Qd1
Bxf1 15. Qxf1 Qc7 16. Bg5 Nbd7 17. Rc1 Ne4 18. c4 Qd6 19. Qd3 Re8 20. Be3 dxc4
21. Rxc4 b5 22. Rc1 a6 23. h3 Nb6 24. Nd2 Nxd2 25. Bxd2 Nc4 26. Bb4 Qd5 27. Bc5
h6 28. a4 Nb2 29. Qd2 Nxa4 30. Re1 Rxe1+ 31. Qxe1 Nxc5 32. Qe8+ Kh7 33. dxc5
Qxc5 34. Qxf7 a5 35. g4 a4 36. h4 a3 37. h5 Qc2 38. f4 a2 0-1

[Event "21st Open"]
[Site "Oberwart"]
[Date "1999.07.16"]
[Round "7.29"]
[White "POSTL, Anton"]
[Black "FROSCH, Ronald"]
[Result "1-0"]
[WhiteElo "2303"]
[BlackElo "2178"]
[PlyCount "36"]
[EventDate "1999.07.16"]

1. Nf3 Nf6 2. g3 e6 3. Bg2 d5 4. O-O Be7 5. d4 O-O 6. c4 c6 7. Qc2 Nbd7 8. Bf4
b6 9. cxd5 cxd5 10. Nc3 Ba6 11. Qa4 Bc4 12. b3 b5 13. Qa6 b4 14. bxc4 bxc3 15.
c5 Ne4 16. Ne5 Nxe5 17. Bxe5 Bg5 18. a3 f6 1-0

[Event "21st Open"]
[Site "Oberwart"]
[Date "1999.07.16"]
[Round "7.30"]
[White "STRAUSS, Anton"]
[Black "HAMBERGER, Hermann"]
[Result "1/2-1/2"]
[WhiteElo "2267"]
[BlackElo "2175"]
[PlyCount "30"]
[EventDate "1999.07.16"]

1. e4 c5 2. c3 d6 3. d4 Nf6 4. Bb5+ Bd7 5. Bxd7+ Qxd7 6. f3 g6 7. Ne2 Bg7 8.
Be3 Qc7 9. O-O O-O 10. Nd2 Nbd7 11. a4 e5 12. b4 b6 13. Qb3 Rfc8 14. a5 c4 15.
axb6 axb6 {.} 1/2-1/2

[Event "21st Open"]
[Site "Oberwart"]
[Date "1999.07.17"]
[Round "8.1"]
[White "CVITAN, Ognjen"]
[Black "LERNER, Konstantin"]
[Result "1/2-1/2"]
[WhiteElo "2511"]
[BlackElo "2588"]
[PlyCount "40"]
[EventDate "1999.07.17"]

1. d4 Nf6 2. c4 e6 3. g3 d5 4. Bg2 Bb4+ 5. Bd2 Be7 6. Nf3 O-O 7. O-O c6 8. Qc2
b6 9. Rd1 Ba6 10. b3 Nbd7 11. a4 c5 12. Na3 Bb7 13. Qb2 Ne4 14. Be1 Qb8 15.
Rac1 Bf6 16. e3 Rd8 17. Qc2 Be7 18. cxd5 Bxd5 19. dxc5 Ndxc5 20. b4 Bb3 {.}
1/2-1/2

[Event "21st Open"]
[Site "Oberwart"]
[Date "1999.07.17"]
[Round "8.2"]
[White "MALAKHOV, Vladimir"]
[Black "ULYBIN, Mikhail"]
[Result "1/2-1/2"]
[WhiteElo "2570"]
[BlackElo "2562"]
[PlyCount "139"]
[EventDate "1999.07.17"]

1. e4 e6 2. d4 d5 3. Nd2 Nf6 4. e5 Nfd7 5. c3 c5 6. f4 Nc6 7. Ndf3 Qb6 8. g3
Be7 9. Bh3 cxd4 10. cxd4 O-O 11. Ne2 f6 12. Bxe6+ Kh8 13. exf6 Nxf6 14. Bxc8
Raxc8 15. O-O Ne4 16. a3 Na5 17. Qd3 Qb3 18. Rd1 g5 19. Ne1 Bd6 20. Rb1 Rfe8
21. Qxb3 Nxb3 22. fxg5 Nxg5 23. Bxg5 Rxe2 24. Rd3 Na5 25. Rd2 Rce8 26. Nd3 Nc4
27. Rxe2 Rxe2 28. Bh6 Kg8 29. Rf1 Nxb2 30. Nf4 Rd2 31. Nxd5 Rd1 32. Rxd1 Nxd1
33. Nb4 Nc3 34. Nc2 Kf7 35. Bd2 Ne4 36. Bb4 Bc7 37. Kg2 a5 38. Be1 Ke6 39. Kf3
Kd5 40. Ke3 Nd6 41. Kd3 Nc4 42. Kc3 b5 43. Kb3 Bd6 44. a4 b4 45. h3 Bc7 46. g4
Bf4 47. Bf2 Nd2+ 48. Kb2 Nc4+ 49. Kb3 Nd2+ 50. Kb2 Ke4 51. Bh4 Nc4+ 52. Kb3
Nd2+ 53. Kb2 Kd3 54. Bf6 Nc4+ 55. Kb3 Nd2+ 56. Kb2 Kc4 57. Bd8 Nb3 58. Bb6 Bc1+
59. Kb1 Bd2 60. d5 Kxd5 61. h4 Kc4 62. g5 Kc3 63. Bd8 Bf4 64. Bf6+ Kc4 65. Na1
Nc5 66. h5 Ne4 67. Kc2 b3+ 68. Nxb3 Bxg5 69. Bxg5 Nxg5 70. Nxa5+ {.} 1/2-1/2

[Event "21st Open"]
[Site "Oberwart"]
[Date "1999.07.17"]
[Round "8.3"]
[White "DVOIRYS, Semen"]
[Black "DANNER, Georg"]
[Result "0-1"]
[WhiteElo "2590"]
[BlackElo "2405"]
[PlyCount "136"]
[EventDate "1999.07.17"]

1. e4 c5 2. Nf3 d6 3. d4 Nf6 4. Nc3 cxd4 5. Nxd4 a6 6. Bg5 e6 7. f4 Nc6 8. f5
Qb6 9. Nb3 Be7 10. fxe6 Bxe6 11. Qd2 O-O 12. O-O-O h6 13. Be3 Qc7 14. Kb1 Rac8
15. Bd3 Ne5 16. Rhf1 b5 17. Nd4 b4 18. Nd5 Bxd5 19. exd5 Nfg4 20. Bg1 Nxd3 21.
Qxd3 Bf6 22. Qe2 Bxd4 23. Rxd4 Rfe8 24. Qd2 Nf6 25. Rxb4 Re5 26. Rbf4 Rce8 27.
Bd4 Re2 28. Qd1 Nxd5 29. Rg4 f6 {#} 30. a3 Qa5 31. c3 Qb5 32. c4 Qxc4 33. Qc1
Qd3+ 34. Ka1 R2e4 35. Rd1 Qxd1 36. Qxd1 Re1 37. Qxe1 Rxe1+ 38. Ka2 Kf7 39. Kb3
Re2 40. h3 g5 41. Kc4 Ke6 42. Rg3 f5 43. h4 g4 44. b4 Nf4 45. a4 Kd7 46. b5 d5+
47. Kc5 Ra2 48. bxa6 Rxa4 49. Be5 Ng6 50. Bb8 Rxa6 51. h5 Ne7 52. Bf4 Rc6+ 53.
Kb5 Nc8 54. Rd3 Nd6+ 55. Ka5 Rc5+ 56. Kb6 Rb5+ 57. Ka6 Rb4 58. Bxh6 Kc6 59. Ka5
Rb7 60. Bf4 Ne4 61. Be3 Nc5 62. Bxc5 Kxc5 63. Rc3+ Kd6 64. Rc1 d4 65. h6 Rh7
66. Kb5 Kd5 67. Rf1 Ke4 68. Rh1 d3 0-1

[Event "21st Open"]
[Site "Oberwart"]
[Date "1999.07.17"]
[Round "8.4"]
[White "GLEIZEROV, Evgeny"]
[Black "EINGORN, Vereslav"]
[Result "1/2-1/2"]
[WhiteElo "2520"]
[BlackElo "2589"]
[PlyCount "96"]
[EventDate "1999.07.17"]

1. d4 e6 2. c4 Bb4+ 3. Bd2 a5 4. g3 d5 5. Qc2 dxc4 6. Qxc4 Qd5 7. Qxd5 exd5 8.
a3 Be7 9. Nc3 c6 10. Nf3 Bf5 11. h3 Nd7 12. g4 Bg6 13. Rc1 Ngf6 14. Nh4 Nb6 15.
e3 Kd7 16. f3 Ne8 17. Nxg6 hxg6 18. a4 Bh4+ 19. Kd1 Nd6 20. b3 Bg5 21. Kc2 Rae8
22. Re1 Na8 23. e4 Bxd2 24. Kxd2 Nc7 25. e5 Nc8 26. f4 Ne6 27. Ne2 f5 28. g5
Rh4 29. Ke3 Ne7 30. Bg2 Ra8 31. Rb1 Ra6 32. b4 axb4 33. Rxb4 Kc7 34. Rhb1 Ra7
35. Kf3 Rh8 36. Nc3 Rha8 37. Ke3 Rb8 38. Rc1 Kd7 39. Rb6 Ra6 40. Rcb1 Rxb6 41.
Rxb6 Nd8 42. Rb2 Ra8 43. Bf1 Kc7 44. Rc2 Ne6 45. Bg2 Ra5 46. Ra2 Ra8 47. a5 Rh8
48. Na4 Rh4 {.} 1/2-1/2

[Event "21st Open"]
[Site "Oberwart"]
[Date "1999.07.17"]
[Round "8.5"]
[White "GALKIN, Alexander"]
[Black "BURMAKIN, Vladimir"]
[Result "1/2-1/2"]
[WhiteElo "2535"]
[BlackElo "2579"]
[PlyCount "41"]
[EventDate "1999.07.17"]

1. e4 c6 2. d4 d5 3. exd5 cxd5 4. c4 Nf6 5. Nc3 g6 6. cxd5 Bg7 7. Bc4 O-O 8.
Nge2 b6 9. Nf4 Na6 10. O-O Nc7 11. Re1 Bb7 12. a4 Ncxd5 13. Nfxd5 Nxd5 14. Bxd5
Bxd5 15. Nxd5 Qxd5 16. Rxe7 Qxd4 17. Qxd4 Bxd4 18. Rb1 Rfe8 19. Rxe8+ Rxe8 20.
Kf1 f6 21. b3 {.} 1/2-1/2

[Event "21st Open"]
[Site "Oberwart"]
[Date "1999.07.17"]
[Round "8.6"]
[White "WITTMANN, Walter"]
[Black "LOGINOV, Valery"]
[Result "1/2-1/2"]
[WhiteElo "2364"]
[BlackElo "2530"]
[PlyCount "62"]
[EventDate "1999.07.17"]

1. e4 c5 2. Nf3 d6 3. d4 cxd4 4. Nxd4 Nf6 5. Nc3 a6 6. Bc4 e6 7. Bb3 Be7 8. f4
Nc6 9. Be3 O-O 10. Qf3 Qc7 11. f5 Nxd4 12. Bxd4 b5 13. O-O-O b4 14. Na4 Bb7 15.
fxe6 fxe6 16. Nb6 Rae8 17. Bxe6+ Kh8 18. Qg3 Bxe4 19. Rd2 Bg6 20. Nd5 Nxd5 21.
Bxd5 Rf5 22. Be4 Bg5 23. Bxf5 Bxd2+ 24. Kxd2 Bxf5 25. c3 bxc3+ 26. Bxc3 Bg6 27.
Re1 Rf8 28. Re2 Qf7 29. Qf3 Qxf3 30. gxf3 Rxf3 31. Re6 Kg8 {.} 1/2-1/2

[Event "21st Open"]
[Site "Oberwart"]
[Date "1999.07.17"]
[Round "8.7"]
[White "GLADYSZEV, Oleg"]
[Black "RUCK, Robert"]
[Result "1/2-1/2"]
[WhiteElo "2329"]
[BlackElo "2485"]
[PlyCount "58"]
[EventDate "1999.07.17"]

1. d4 Nf6 2. c4 g6 3. Nc3 d5 4. cxd5 Nxd5 5. e4 Nxc3 6. bxc3 Bg7 7. Nf3 c5 8.
Rb1 O-O 9. Be2 b6 10. O-O Bb7 11. Qd3 Ba6 12. Qe3 cxd4 13. cxd4 Qd7 14. Ba3 Re8
15. Rfc1 Bxe2 16. Qxe2 e6 17. Qc4 Qb7 18. e5 Na6 19. Qc6 Qxc6 20. Rxc6 Rec8 21.
Rbc1 Rxc6 22. Rxc6 Bf8 23. Bxf8 Kxf8 24. a3 Ke7 25. Kf1 h6 26. Ke2 Kd7 27. Rd6+
Ke7 28. Rc6 Kd7 29. Rd6+ Ke7 {.} 1/2-1/2

[Event "21st Open"]
[Site "Oberwart"]
[Date "1999.07.17"]
[Round "8.8"]
[White "STANEC, Nikolaus"]
[Black "ZSINKA, Laszlo"]
[Result "1-0"]
[WhiteElo "2477"]
[BlackElo "2329"]
[PlyCount "71"]
[EventDate "1999.07.17"]

1. d4 Nf6 2. c4 e6 3. Nf3 b6 4. g3 Bb7 5. Bg2 Bb4+ 6. Bd2 Be7 7. Nc3 O-O 8. O-O
d5 9. cxd5 exd5 10. Qc2 Na6 11. Rad1 Qc8 12. Bf4 Rd8 13. Be5 c5 14. Ng5 h6 15.
Bh3 Qc6 16. Bxf6 Bxf6 17. Qh7+ Kf8 18. Nf3 Nc7 19. Rfe1 Ne6 20. e4 dxe4 21. d5
{#} 21... Qc7 22. dxe6 Rxd1 23. Rxd1 Rd8 24. Qh8+ Ke7 25. Qxd8+ Qxd8 26. Rxd8
Kxd8 27. exf7 Ke7 28. Nd2 Kxf7 29. Bg2 Bd4 30. Bxe4 Bxe4 31. Ndxe4 Ke6 32. Kf1
a6 33. Ke2 b5 34. b3 g5 35. f3 Ke5 36. Kd3 1-0

[Event "21st Open"]
[Site "Oberwart"]
[Date "1999.07.17"]
[Round "8.9"]
[White "GOLUBOVIC, Boris"]
[Black "TITZ, Heimo"]
[Result "1-0"]
[WhiteElo "2457"]
[BlackElo "2310"]
[PlyCount "67"]
[EventDate "1999.07.17"]

1. e4 c5 2. Nf3 Nc6 3. Bb5 d6 4. O-O Bd7 5. Re1 a6 6. Bf1 Bg4 7. h3 Bh5 8. c3
Ne5 9. g4 Nxf3+ 10. Qxf3 Bg6 11. d4 cxd4 12. cxd4 e6 13. Qb3 Qd7 14. f4 f6 15.
Nc3 Bf7 16. Na4 e5 17. d5 {#} 17... Rd8 18. Nb6 Qc7 19. Be3 exf4 20. Rac1 Qb8
21. Bxf4 g5 22. Be3 Bg6 23. Bg2 h6 24. Rf1 Be7 25. Qa4+ Kf7 26. Nd7 Qa8 27. e5
b5 28. Qd4 Qb7 29. exf6 Bf8 30. Nxf8 Rxf8 31. Rc6 Rd8 32. Bd2 Rh7 33. Bb4 Qb8
34. Be4 1-0

[Event "21st Open"]
[Site "Oberwart"]
[Date "1999.07.17"]
[Round "8.10"]
[White "MARTINOVIC, Slobodan"]
[Black "KUMMER, Helmut"]
[Result "1-0"]
[WhiteElo "2445"]
[BlackElo "2321"]
[PlyCount "55"]
[EventDate "1999.07.17"]

1. Nf3 d5 2. g3 c6 3. Bg2 Bg4 4. O-O Nd7 5. d4 e6 6. Nbd2 Ngf6 7. Re1 Bd6 8. e4
dxe4 9. Nxe4 Nxe4 10. Rxe4 Bf5 11. Re1 O-O 12. Nh4 Qf6 13. c3 Rac8 14. Be3 Rfd8
15. Qh5 g6 16. Qe2 {#} 16... e5 17. dxe5 Bxe5 18. Nxf5 Qxf5 19. Bxa7 c5 20. Qb5
Nf6 21. Rad1 Rxd1 22. Rxd1 Ng4 23. Qe2 Ra8 24. Bb6 Rxa2 25. Bxc5 Bxc3 26. Rd8+
Kg7 27. Bf8+ Kf6 28. Qe7# 1-0

[Event "21st Open"]
[Site "Oberwart"]
[Date "1999.07.17"]
[Round "8.11"]
[White "ZIMMERMAN, Yuri"]
[Black "WUKITS, Rene"]
[Result "1/2-1/2"]
[WhiteElo "2440"]
[BlackElo "2225"]
[PlyCount "119"]
[EventDate "1999.07.17"]

1. d4 d5 2. c4 e6 3. Nc3 Nf6 4. cxd5 exd5 5. Bg5 Be7 6. e3 Nbd7 7. Bd3 c6 8.
Qc2 O-O 9. Nge2 Re8 10. O-O a6 11. f3 h6 12. Bh4 c5 13. Bf2 b6 14. Rad1 Bb7 15.
Bf5 Qc7 16. dxc5 Bxc5 17. Nd4 Rad8 18. Na4 Bd6 19. Qxc7 Bxc7 20. Rc1 Bd6 21.
Rfe1 g6 22. Bb1 Rc8 23. Nc3 Kg7 24. Bg3 Ne5 25. Kf2 b5 26. a3 Nh5 27. Bxe5+
Bxe5 28. Nce2 Nf6 29. Rxc8 Rxc8 30. Rc1 Rxc1 31. Nxc1 Nd7 32. Nd3 Bd6 33. g3
Nb6 34. Bc2 Kf6 35. Bd1 h5 36. b4 Nc4 37. a4 bxa4 38. Bxa4 Ke7 39. Nc5 Nb2 40.
Nxb7 Nxa4 41. Nc6+ Kd7 42. Nxd6 Kxc6 43. Nxf7 Kb5 44. Ne5 Kxb4 45. Nxg6 a5 46.
Ne5 Nc5 47. Nc6+ Kb5 48. Nxa5 Kxa5 49. g4 hxg4 50. fxg4 Kb5 51. h4 Ne6 52. h5
Kc5 53. h6 Nf8 54. Kf3 Kd6 55. Kf4 Ke6 56. g5 Ng6+ 57. Kg4 Nf8 58. Kh4 Ng6+ 59.
Kg4 Nf8 60. Kh4 {#} 1/2-1/2

[Event "21st Open"]
[Site "Oberwart"]
[Date "1999.07.17"]
[Round "8.12"]
[White "SCHEIN, Karl-Heinz"]
[Black "KUPREICHIK, Viktor"]
[Result "0-1"]
[WhiteElo "2229"]
[BlackElo "2429"]
[PlyCount "48"]
[EventDate "1999.07.17"]

1. e4 c5 2. Nf3 d6 3. d4 cxd4 4. Nxd4 Nf6 5. Nc3 a6 6. Bc4 e6 7. Bb3 Nc6 8. Be3
Qc7 9. Qe2 b5 10. Nxc6 Qxc6 11. Bd4 Be7 12. O-O-O Bb7 13. f3 O-O 14. g4 Nd7 15.
h4 Nc5 16. Rdg1 {#} 16... b4 17. Nd1 Nxb3+ 18. axb3 a5 19. g5 a4 20. bxa4 e5
21. Be3 Rxa4 22. h5 Ba6 23. Qh2 Bd3 24. g6 Ra1+ 0-1

[Event "21st Open"]
[Site "Oberwart"]
[Date "1999.07.17"]
[Round "8.13"]
[White "KOUTSIN, Sergej"]
[Black "WOHLFAHRT, Herbert"]
[Result "1-0"]
[WhiteElo "2415"]
[BlackElo "2282"]
[PlyCount "89"]
[EventDate "1999.07.17"]

1. d4 f5 2. Nc3 g6 3. e4 fxe4 4. Nxe4 d5 5. Ng3 Bg7 6. h4 Nc6 7. c3 Qd6 8. f4
Nh6 9. Bd3 Bg4 10. Be2 Qe6 11. Nh3 Bxh3 12. Rxh3 O-O-O 13. Qd3 Kb8 14. Bd2 Na5
15. O-O-O Nc4 16. Kb1 Qb6 17. Bc1 Rhf8 18. Ka1 Nf5 19. h5 Ncd6 20. hxg6 hxg6
21. Bf3 Qa5 22. Nf1 Rh8 23. Rxh8 Rxh8 24. g4 Nh4 25. Bh1 c6 26. Rd2 Nhf5 27.
Rh2 Rxh2 28. Nxh2 Nh4 29. Qh3 Qa4 30. Qd3 Qc4 31. Qe3 Bf6 32. Kb1 c5 33. dxc5
Ne4 34. Nf3 Qf1 35. Nxh4 Qxh1 36. Nf3 Qd1 37. g5 Bg7 38. Nd2 Qh1 39. Kc2 Qg2
40. Kb3 e5 41. Nxe4 dxe4 42. Qd2 Qxd2 43. Bxd2 Kc7 44. Kc4 Kc6 45. b4 {#} 1-0

[Event "21st Open"]
[Site "Oberwart"]
[Date "1999.07.17"]
[Round "8.14"]
[White "BAUMEGGER, Siegfried"]
[Black "SEEL, Christian"]
[Result "1-0"]
[WhiteElo "2409"]
[BlackElo "2116"]
[PlyCount "107"]
[EventDate "1999.07.17"]

1. d4 Nf6 2. c4 g6 3. Nc3 Bg7 4. e4 d6 5. f4 c5 6. d5 e6 7. Nf3 exd5 8. cxd5
O-O 9. Be2 Re8 10. Nd2 h5 11. h3 Nh7 12. O-O f5 13. Bd3 Qh4 14. Nf3 Qd8 15.
exf5 Bxf5 16. Bxf5 gxf5 17. Ng5 Nf6 18. Ne6 Qd7 19. Qd3 Rxe6 20. dxe6 Qxe6 21.
Rd1 Nc6 22. Be3 Nb4 23. Qd2 Re8 24. a3 Nc2 25. Qxc2 Qxe3+ 26. Kh1 {#} 26... Ne4
27. Nxe4 Rxe4 28. Rxd6 Rxf4 29. Rd8+ Kh7 30. Qd1 Rh4 31. Qd3 Re4 32. Qd5 Qf4
33. Qf7 Kh6 34. Rd7 Qe5 35. Rf1 Re1 36. Rd6+ Qxd6 37. Rxe1 Qd4 38. Qxf5 Bf6 39.
Rf1 Kg7 40. Qxh5 Qxb2 41. Qxc5 a6 42. Qf5 b5 43. Rd1 Qxa3 44. Qg4+ Kf8 45. h4
Qc5 46. Qf4 Qe7 47. Rc1 Qd8 48. Qf5 Kg7 49. h5 Bb2 50. Qg6+ Kh8 51. Qh6+ Kg8
52. Qe6+ Kh7 53. Qf5+ Kg7 54. h6+ 1-0